000 00636nam a2200241Ia 4500
003 OSt
005 20220918192629.0
006 a|||||r|||| 00| 0
007 ta
008 220917b |||||||| |||| 00| 0 eng d
024 _a69,299
037 _cTextual
040 _aARTS
_cARTS
_beng
041 _2eng
_aeng
082 _aQ4:33x, L3
100 _aWoodward F L tr
_950817
245 0 _aSome sayings of the Buddha
260 _aNew York
_bOxford University Press USA
_c1973
300 _axxii,249p.
_ccm.
650 _aRELIGION
942 _hQ4:33x, L3
_cTEXL
_2CC
999 _c195455
_d195455